The lion the witch and the wardrobe / (Record no. 288)

MARC details
000 -LEADER
fixed length control field 00880nam a22002537a 4500
001 - CONTROL NUMBER
control field 288
003 - CONTROL NUMBER IDENTIFIER
control field FISKH
005 - DATE AND TIME OF LATEST TRANSACTION
control field 20230822152139.0
008 - FIXED-LENGTH DATA ELEMENTS--GENERAL INFORMATION
fixed length control field 230316b cb ||||| |||| 00| 0 eng d
040 ## - CATALOGING SOURCE
Original cataloging agency FISKH
Language of cataloging eng
Transcribing agency FISKH
Modifying agency FISKH
050 ## - LIBRARY OF CONGRESS CALL NUMBER
Classification number PZ7.L58474
082 ## - DEWEY DECIMAL CLASSIFICATION NUMBER
Classification number 823.912
100 ## - MAIN ENTRY--PERSONAL NAME
Personal name Lewis, C. S.
Dates associated with a name 1898-1963.
Fuller form of name Clive Staples
245 ## - TITLE STATEMENT
Title The lion the witch and the wardrobe /
Statement of responsibility, etc. C. S. Lewis.
260 ## - PUBLICATION, DISTRIBUTION, ETC.
Place of publication, distribution, etc. Croydon :
Name of publisher, distributor, etc. Harper Collins,
Date of publication, distribution, etc. 2015
300 ## - PHYSICAL DESCRIPTION
Extent 171 p.
Dimensions 18 cm.
490 ## - SERIES STATEMENT
Series statement The chronicles of Narnia ;
Volume/sequential designation Book 2
505 ## - FORMATTED CONTENTS NOTE
Formatted contents note Q
520 ## - SUMMARY, ETC.
Summary, etc. Four English schoolchildren find their way through the back of a wardrobe into the magic land of Narnia and assist Aslan, the golden lion, to triumph over the White Witch, who has cursed the land with eternal winter.
521 8# - TARGET AUDIENCE NOTE
Target audience note 940 <br/>
Source Lexile
521 8# - TARGET AUDIENCE NOTE
Target audience note Q <br/>
Source Raz-Plus
650 ## - SUBJECT ADDED ENTRY--TOPICAL TERM
Topical term or geographic name entry element fantasy
942 ## - ADDED ENTRY ELEMENTS (KOHA)
Source of classification or shelving scheme Dewey Decimal Classification
Koha item type Books
Suppress in OPAC No
Holdings
Withdrawn status Lost status Source of classification or shelving scheme Damaged status Not for loan Collection Home library Current library Shelving location Date acquired Total Checkouts Full call number Barcode Date last seen Price effective from Koha item type
    Dewey Decimal Classification     Juvenile Fiction Footprints International School Library Network Toul Kork Campus Footprints International School Library Network Toul Kork Campus   03/16/2023   LEW 813 PZ7.L58474 2023-0026 03/16/2023 03/16/2023 Books